| 000 | 00382nam a2200157Ia 4500 | ||
|---|---|---|---|
| 008 | 220216s9999 xx 000 0 und d | ||
| 100 | _aKnecht J C X | ||
| 245 | 0 | _aFull spiral system of tapping | |
| 260 |
_bPlanters Bulletin _c1965 |
||
| 300 | _a205-217 | ||
| 650 | _aNatural rubber | ||
| 650 | _aSpiral tapping | ||
| 650 | _aTapping | ||
| 700 | _aMartineau P G | ||
| 942 | _cJS | ||
| 999 |
_c59619 _d59619 |
||